[Event "RUS-CHN Junior rapid"]
[Site "Belokurikha"]
[Date "2018.07.16"]
[Round "7.8"]
[White "Grebnev, Aleksey"]
[Black "Yang, Yuxuan"]
[Result "1-0"]
[WhiteElo "2143"]
[BlackElo "1835"]
[PlyCount "231"]
[EventDate "2018.07.15"]
[EventType "schev (rapid)"]
[EventRounds "8"]
[EventCountry "RUS"]
[SourceTitle "CBM 185 Extra"]
[Source "ChessBase"]
[SourceDate "2018.07.29"]
[SourceVersion "1"]
[SourceVersionDate "2018.07.29"]
[SourceQuality "1"]
[WhiteTeam "Russia"]
[BlackTeam "China"]
[WhiteTeamCountry "RUS"]
[BlackTeamCountry "CHN"]

1. e4 c6 2. d4 d5 3. e5 Bf5 4. Nf3 e6 5. Be2 Nd7 6. 0-0 Ne7 7. Nbd2 h6 8. h3 Nc8 9. c4 Be7 10. Re1 dxc4 11. Nxc4 0-0 12. Bd2 c5 13. Bc3 Ncb6 14. Ne3 Be4 15. Bd3 Bxd3 16. Qxd3 cxd4 17. Qxd4 Nc5 18. Qg4 Rc8 19. Rad1 Qe8 20. Nf1 Nd5 21. Bd4 Qb5 22. Ng3 Nd3 23. Re2 N3f4 24. Re4 Ng6 25. h4 Rfd8 26. h5 Nf8 27. Nh4 Rc2 28. Nf1 Rc7 29. Qg3 Bxh4 30. Rxh4 Ne7 31. Ne3 Rcd7 32. Rg4 g6 33. hxg6 fxg6 34. Qf3 Nc6 35. Bc3 Rxd1+ 36. Nxd1 Nxe5 37. Bxe5 Qxe5 38. Nc3 Qe1+ 39. Kh2 Qe5+ 40. Kg1 g5 41. Re4 Qf5 42. Qe2 a6 43. Re5 Qf4 44. Re3 Qd4 45. Qf3 Rd7 46. g3 Qd2 47. Re2 Qd3 48. Qh5 Kg7 49. Re3 Qg6 50. Qf3 Rf7 51. Qe2 Qf5 52. Ne4 Rc7 53. Nc3 b5 54. a3 Rc6 55. Re5 Qf7 56. Qe4 Qd7 57. Qf3 Ng6 58. Re1 e5 59. Rd1 Qe8 60. Qf5 Rf6 61. Qd3 Rf7 62. Ne4 Qe6 63. Kg2 Qg4 64. Kf1 Qh3+ 65. Kg1 Qg4 66. Kf1 Nf8 67. Qd5 Qf5 68. Re1 Ne6 69. g4 Nf4 70. gxf5 Nxd5 71. Ng3 Kf6 72. b3 Rd7 73. Rc1 Ne7 74. Rc3 Rd4 75. Rf3 e4 76. Rc3 Nxf5 77. Rc6+ Nd6 78. Rxa6 Ke5 79. Ke2 Rd5 80. a4 bxa4 81. bxa4 Rd4 82. Ra5+ Ke6 83. Ra6 Rc4 84. Ke3 Rc3+ 85. Ke2 Kd5 86. Rxd6+ Ke5 87. Rxh6 Ra3 88. Rg6 Rxa4 89. Rxg5+ Kd4 90. Rg4 Ke5 91. Rg5+ Kd4 92. Nxe4 Ra2+ 93. Nd2 Kc3 94. Rc5+ Kd4 95. Rc8 Ra7 96. Rc4+ Kd5 97. Rh4 Re7+ 98. Kd3 Rf7 99. f3 Ra7 100. Rd4+ Ke5 101. Nc4+ Kf5 102. Ne3+ Ke5 103. f4+ Ke6 104. f5+ Ke5 105. Re4+ Kf6 106. Ke2 Kg5 107. Kf3 Ra3 108. Rg4+ Kf6 109. Rg6+ Kf7 110. Rb6 Ra4 111. Ng4 Ra5 112. Kf4 Ra4+ 113. Kg5 Ke7 114. f6+ Kf7 115. Ne5+ Kf8 116. Rb8# 1-0

[Event "RUS-CHN Junior rapid"]
[Site "Belokurikha"]
[Date "2018.07.16"]
[Round "5.2"]
[White "Pogosyan, Stefan"]
[Black "Yang, Yuxuan"]
[Result "1-0"]
[WhiteElo "2356"]
[BlackElo "1835"]
[PlyCount "67"]
[EventDate "2018.07.15"]
[EventType "schev (rapid)"]
[EventRounds "8"]
[EventCountry "RUS"]
[SourceTitle "CBM 185 Extra"]
[Source "ChessBase"]
[SourceDate "2018.07.29"]
[SourceVersion "1"]
[SourceVersionDate "2018.07.29"]
[SourceQuality "1"]
[WhiteTeam "Russia"]
[BlackTeam "China"]
[WhiteTeamCountry "RUS"]
[BlackTeamCountry "CHN"]

1. Nf3 d5 2. b3 Nf6 3. Bb2 c6 4. g3 Bg4 5. Bg2 e6 6. 0-0 Nbd7 7. d3 Bd6 8. Nbd2 0-0 9. h3 Bh5 10. g4 Bg6 11. Nh4 e5 12. e4 Re8 13. Nf5 Bf8 14. Qe2 Qc7 15. h4 h6 16. g5 Nh5 17. gxh6 Nf4 18. Qe3 gxh6 19. Bh3 Nf6 20. Kh2 dxe4 21. Nxe4 Nxe4 22. dxe4 Rad8 23. Rg1 Kh7 24. Rg4 b6 25. Rxf4 exf4 26. Qc3 f6 27. Qxf6 Bg7 28. Qxg7+ Qxg7 29. Nxg7 Rxe4 30. h5 Bxh5 31. Nxh5 Re2 32. Rg1 Rxf2+ 33. Kh1 Rxc2 34. Bf5# 1-0

[Event "RUS-CHN Junior rapid"]
[Site "Belokurikha"]
[Date "2018.07.16"]
[Round "6.1"]
[White "Yang, Yuxuan"]
[Black "Tsoi, Dmitry"]
[Result "1/2-1/2"]
[WhiteElo "1835"]
[BlackElo "2393"]
[PlyCount "109"]
[EventDate "2018.07.15"]
[EventType "schev (rapid)"]
[EventRounds "8"]
[EventCountry "RUS"]
[SourceTitle "CBM 185 Extra"]
[Source "ChessBase"]
[SourceDate "2018.07.29"]
[SourceVersion "1"]
[SourceVersionDate "2018.07.29"]
[SourceQuality "1"]
[WhiteTeam "China"]
[BlackTeam "Russia"]
[WhiteTeamCountry "CHN"]
[BlackTeamCountry "RUS"]

1. c4 Nf6 2. Nc3 e6 3. e4 d5 4. e5 d4 5. exf6 dxc3 6. bxc3 Qxf6 7. d4 e5 8. Nf3 exd4 9. cxd4 Bb4+ 10. Bd2 Bxd2+ 11. Qxd2 0-0 12. Be2 c5 13. 0-0 cxd4 14. Qxd4 Qxd4 15. Nxd4 Nd7 16. Bf3 Rb8 17. Rab1 Ne5 18. Bd5 Bd7 19. Rxb7 Rxb7 20. Bxb7 Nxc4 21. Rc1 Nb6 22. f3 Rd8 23. Be4 Ba4 24. Nb3 Bxb3 25. axb3 Rd7 26. Rc2 g6 27. Kf2 f5 28. Bc6 Re7 29. Bb5 Kg7 30. Rc6 Nd5 31. Rd6 Nf6 32. Bc4 Nd7 33. b4 Ne5 34. Be2 Nd7 35. b5 Nb6 36. h4 Rc7 37. g4 Rc5 38. Ke3 Re5+ 39. Kd2 Rd5+ 40. Rxd5 Nxd5 41. gxf5 gxf5 42. Bc4 Nf4 43. Kc3 Ng2 44. h5 Nf4 45. Kb4 Nxh5 46. Ka5 Nf6 47. Ka6 Ne8 48. Kxa7 Nd6 49. Bd3 Kg6 50. b6 Nc8+ 51. Kb7 Nxb6 52. Kxb6 Kg5 53. Kc5 h5 54. Kd5 Kf4 55. Ke6 1/2-1/2

[Event "RUS-CHN Junior rapid"]
[Site "Belokurikha"]
[Date "2018.07.15"]
[Round "2.5"]
[White "Yang, Yuxuan"]
[Black "Ponomarev, Grigori"]
[Result "1-0"]
[WhiteElo "1835"]
[BlackElo "2135"]
[PlyCount "124"]
[EventDate "2018.07.15"]
[EventType "schev (rapid)"]
[EventRounds "8"]
[EventCountry "RUS"]
[SourceTitle "CBM 185 Extra"]
[Source "ChessBase"]
[SourceDate "2018.07.29"]
[SourceVersion "1"]
[SourceVersionDate "2018.07.29"]
[SourceQuality "1"]
[WhiteTeam "China"]
[BlackTeam "Russia"]
[WhiteTeamCountry "CHN"]
[BlackTeamCountry "RUS"]

1. c4 Nf6 2. Nc3 c6 3. d4 d5 4. Nf3 e6 5. Bg5 Nbd7 6. cxd5 exd5 7. e3 Be7 8. Bd3 h6 9. Bf4 0-0 10. h3 Re8 11. 0-0 b6 12. Rc1 Bb7 13. Ne5 Nxe5 14. dxe5 Nd7 15. e6 fxe6 16. Qg4 Bg5 17. Bg6 Nf6 18. Bxg5 hxg5 19. Qxg5 Rf8 20. Ne2 Ba6 21. Nf4 Bxf1 22. Nxe6 Qd6 23. Bh7+ Kf7 24. Bf5 Rg8 25. Qg6+ Ke7 26. Nd4 c5 27. Nf3 Be2 28. Nh4 Bh5 29. Qg5 Qe5 30. f4 Qxe3+ 31. Kh2 Qxc1 32. Be4 dxe4 33. Qe5+ Kf7 34. Qc7+ Ke8 35. Nf5 Qxf4+ 36. Qxf4 Rd8 37. g4 Bg6 38. Qe5+ Kd7 39. Qd6+ Kc8 40. Qc6+ Kb8 41. Ne7 Rd2+ 42. Kg3 Rd3+ 43. Kf4 Rgd8 44. Nxg6 R3d6 45. Qa4 Nd5+ 46. Kg5 e3 47. Qe4 e2 48. Ne5 Ne7 49. Qxe2 Rd5 50. Kh4 R8d6 51. Kg3 Nc8 52. Nc4 Rd3+ 53. Kg2 R6d5 54. Qe8 R3d4 55. Ne5 Rd2+ 56. Kg3 Kb7 57. Qc6+ Kb8 58. Qe6 g5 59. h4 Rd6 60. Qe8 gxh4+ 61. Kxh4 R2d5 62. g5 Kc7 1-0

[Event "CHN-chB"]
[Site "Qinhuangdao"]
[Date "2017.07.18"]
[Round "6"]
[White "Xu, Minghui"]
[Black "Yang, Yuxuan"]
[Result "1-0"]
[WhiteElo "2317"]
[BlackElo "1833"]
[PlyCount "119"]
[EventDate "2017.07.16"]
[EventType "swiss"]
[EventRounds "11"]
[EventCountry "CHN"]
[SourceTitle "CBM 179 Extra"]
[Source "ChessBase"]
[SourceDate "2017.08.23"]
[SourceVersion "1"]
[SourceVersionDate "2017.08.23"]
[SourceQuality "1"]

1. Nf3 d5 2. g3 c6 3. Bg2 Bg4 4. 0-0 e6 5. d3 Nf6 6. Nbd2 Bd6 7. h3 Bh5 8. e4 Nbd7 9. Qe2 dxe4 10. dxe4 e5 11. Nc4 Bc7 12. Rd1 Qe7 13. a4 0-0 14. b3 Rfd8 15. Ba3 c5 16. Ne3 Bg6 17. Nh4 b6 18. Qa6 Nf8 19. Nhf5 Qe8 20. Rxd8 Qxd8 21. Rd1 Qe8 22. Bf1 Bxf5 23. Nxf5 Ng6 24. Qb7 Rd8 25. Re1 Bb8 26. Bb5 Qe6 27. a5 Qc8 28. a6 Qc7 29. b4 Rc8 30. bxc5 bxc5 31. Rd1 h5 32. c4 h4 33. g4 Rd8 34. Rxd8+ Qxd8 35. Kh2 Qd2 36. Bxc5 Nxg4+ 37. hxg4 Qf4+ 38. Ng3 hxg3+ 39. fxg3 Qd2+ 40. Kh3 Bd6 41. Bxa7 Qd1 42. Qc8+ Kh7 43. Kg2 Qe2+ 44. Bf2 Ne7 45. Qe8 Qxe4+ 46. Kg1 Qf3 47. a7 Bc5 48. Bxc5 Qxg3+ 49. Kf1 Qf3+ 50. Ke1 Qc3+ 51. Kd1 Qd3+ 52. Kc1 Qc3+ 53. Kb1 Qb3+ 54. Ka1 Qc3+ 55. Ka2 Qc2+ 56. Ka3 Qc1+ 57. Ka4 Qa1+ 58. Ba3 Qd1+ 59. Ka5 Qe1+ 60. Ka6 1-0